Zakheera altwariikh / (Record no. 525660)

000 -LEADER
fixed length control field 00497nam a22001697a 4500
003 - CONTROL NUMBER IDENTIFIER
control field NUST
020 ## - INTERNATIONAL STANDARD BOOK NUMBER
Terms of availability (Hbk)
038 ## - RECORD CONTENT LICENSOR
Staff Name M. Shaban
082 ## - DEWEY DECIMAL CLASSIFICATION NUMBER
Classification number 297.692
Author Mark SYE
100 ## - MAIN ENTRY--PERSONAL NAME
Personal name Syed Abu Alkmal Brak Noshahi
9 (RLIN) 16597
245 ## - TITLE STATEMENT
Title Zakheera altwariikh /
Statement of responsibility, etc. Syed Abu Alkmal Brak Noshahi
260 ## - PUBLICATION, DISTRIBUTION, ETC.
Place of publication, distribution, etc. UK :
Name of publisher, distributor, etc. Nazam Ala Noshahi,
Date of publication, distribution, etc. 1982.
300 ## - PHYSICAL DESCRIPTION
Extent 176 p. ;
880 ## - ALTERNATE GRAPHIC REPRESENTATION
Linkage 100-01\r
Title سیدابُوالکمال برق نوشاہی
880 ## - ALTERNATE GRAPHIC REPRESENTATION
Linkage 245-02/r
Title ذخیرہ التواریخ /
942 ## - ADDED ENTRY ELEMENTS (KOHA)
Source of classification or shelving scheme
Koha item type Book
Holdings
Withdrawn status Lost status Source of classification or shelving scheme Damaged status Not for loan Permanent Location Current Location Shelving location Date acquired Total Checkouts Full call number Barcode Date last seen Price effective from Koha item type
          Central Library (CL) Central Library (CL) First Floor - Islam 07/03/2019   297.692 SYE CL-E-850 07/03/2019 07/03/2019 Book
© 2023 Central Library, National University of Sciences and Technology. All Rights Reserved.